<?xml version="1.0" encoding="UTF-8"?>
<marc:record xmlns:marc="http://www.loc.gov/MARC21/slim">
   <marc:leader>00000nam a2200000 a 4500</marc:leader>
   <marc:datafield ind1="1" ind2=" " tag="100">
      <marc:subfield code="a">Ostrowski, Michael</marc:subfield>
      <marc:subfield code="4">aut</marc:subfield>
      <marc:subfield code="e">Verfasser/-in</marc:subfield>
   </marc:datafield>
   <marc:datafield ind1="1" ind2=" " tag="100">
      <marc:subfield code="a">Köpping, Helmut</marc:subfield>
      <marc:subfield code="4">aut</marc:subfield>
      <marc:subfield code="e">Verfasser/-in</marc:subfield>
   </marc:datafield>
   <marc:datafield ind1="1" ind2=" " tag="100">
      <marc:subfield code="a">Dalik, Hilde</marc:subfield>
   </marc:datafield>
   <marc:datafield ind1="1" ind2=" " tag="100">
      <marc:subfield code="a">Friedrich, Georg</marc:subfield>
   </marc:datafield>
   <marc:datafield ind1="1" ind2=" " tag="100">
      <marc:subfield code="a">Votava, Gerald</marc:subfield>
   </marc:datafield>
   <marc:datafield ind1="1" ind2=" " tag="100">
      <marc:subfield code="a">Hierzegger, Pia</marc:subfield>
   </marc:datafield>
   <marc:datafield ind1="1" ind2=" " tag="100">
      <marc:subfield code="a">Ostrowski, Michael</marc:subfield>
   </marc:datafield>
   <marc:datafield ind1="0" ind2="0" tag="245">
      <marc:subfield code="a">Hotel Rock'n'Roll</marc:subfield>
   </marc:datafield>
   <marc:datafield ind1="0" ind2="0" tag="245">
      <marc:subfield code="c">Michael Ostrowski ; Helmut Köpping</marc:subfield>
   </marc:datafield>
   <marc:datafield ind1=" " ind2="1" tag="264">
      <marc:subfield code="a">Wien</marc:subfield>
      <marc:subfield code="b">Falter Verlag</marc:subfield>
   </marc:datafield>
   <marc:datafield ind1="1" ind2=" " tag="520">
      <marc:subfield code="a">Mao erbt ein heruntergekommenes Hotel in der steirischen Pampa. Mit ihren Freunden Max und Jerry  will sie dem alten Kasten neues Leben einhauchen &#x96; als &#x84;Hotel Rock&#x92;n&#x92;Roll  mit den dazu passenden Sex &amp; Drugs &#x96; Angeboten und Auftritten der Hotel-Band. Dass die drei nur einen Song im Repertoire haben, ist allerdings das geringste Problem. Denn das Hotel ist hoch verschuldet, und die Bank will ihre 170.000 Euro zurückhaben. Doch der Zufall hat ihnen Schorschi beschert. Der hat gerade eine Bank überfallen und lässt sich von Mao als Gärtner vor der Polizei verstecken. Schorschi ergänzt die Band am Schlagzeug, und Max und Jerry finden heraus, dass sich die Beute des Banküberfalls im Kofferraum der Corvette befindet. Käme man an dieses Geld heran, wäre das Hotel gerettet</marc:subfield>
   </marc:datafield>
   <marc:datafield ind1=" " ind2=" " tag="020">
      <marc:subfield code="a">9120026072728</marc:subfield>
      <marc:subfield code="9">9120026072728</marc:subfield>
   </marc:datafield>
   <marc:datafield ind1=" " ind2=" " tag="041">
      <marc:subfield code="a">ger</marc:subfield>
   </marc:datafield>
   <marc:datafield ind1=" " ind2=" " tag="500">
      <marc:subfield code="a">DVD Österr./dt. Film</marc:subfield>
   </marc:datafield>
   <marc:datafield ind1="0" ind2=" " tag="490">
      <marc:subfield code="v">0</marc:subfield>
   </marc:datafield>
   <marc:datafield ind1=" " ind2=" " tag="300">
      <marc:subfield code="a">ca. 97 Min. + 41 Min. Bonus</marc:subfield>
   </marc:datafield>
</marc:record>
